[Event "Bergamo op"]
[Site "Bergamo"]
[Date "2007.11.16"]
[Round "6"]
[White "Riva, Carlo"]
[Black "Biava, Pierluigi"]
[Result "1/2-1/2"]
[WhiteElo "1571"]
[BlackElo "1893"]
[PlyCount "51"]
[EventDate "2007.10.05"]
[EventType "swiss"]
[EventRounds "7"]
[EventCountry "ITA"]
[SourceTitle "EXT 2009"]
[Source "ChessBase"]
[SourceDate "2008.11.26"]
[SourceVersion "1"]
[SourceVersionDate "2008.11.26"]
[SourceQuality "1"]

1. d4 Nf6 2. Nf3 b6 3. c4 e6 4. e3 Bb7 5. Nc3 Bb4 6. Bd2 0-0 7. Bd3 d5 8. cxd5 Nxd5 9. Nxd5 Bxd2+ 10. Nxd2 exd5 11. 0-0 Nd7 12. Rc1 c5 13. dxc5 bxc5 14. Qh5 g6 15. Qg4 Ne5 16. Qe2 Nxd3 17. Qxd3 c4 18. Qd4 Qb6 19. Qxb6 axb6 20. a3 Ra5 21. Nf3 Rb5 22. Rc2 Rb3 23. Nd4 Rd3 24. Rc3 Rxc3 25. bxc3 Ra8 26. Ra1 1/2-1/2

[Event "Gorgonzola op-C 12th"]
[Site "Gorgonzola"]
[Date "2007.11.10"]
[Round "1"]
[White "Epitome, Nando"]
[Black "Riva, Carlo"]
[Result "1-0"]
[WhiteElo "1673"]
[BlackElo "1571"]
[PlyCount "56"]
[EventDate "2007.11.10"]
[EventType "swiss"]
[EventRounds "6"]
[EventCountry "ITA"]
[SourceTitle "EXT 2010"]
[Source "ChessBase"]
[SourceDate "2010.11.25"]
[SourceVersion "1"]
[SourceVersionDate "2010.11.25"]
[SourceQuality "1"]

1. d4 d5 2. c4 c6 3. Nc3 Bf5 4. Nf3 e6 5. cxd5 exd5 6. a3 Nd7 7. Bf4 Ngf6 8. h3 h6 9. e3 Nb6 10. Be2 Bd6 11. Ne5 Bxe5 12. Bxe5 Nbd7 13. Bh2 0-0 14. 0-0 Ne4 15. Rc1 Ndf6 16. f3 Nd6 17. Qb3 Rb8 18. Qb4 Nfe8 19. e4 dxe4 20. fxe4 Bxe4 21. Nxe4 Nxe4 22. Bxb8 Qxb8 23. Rxc6 N8f6 24. Rc2 Nd5 25. Qb3 Nef6 26. Bf3 b6 27. Re1 Qf4 28. Qd3 Qg3 1-0

[Event "Bergamo Province-ch"]
[Site "Bergamo"]
[Date "2006.10.27"]
[Round "4"]
[White "Riva, Carlo"]
[Black "Sibella, Guido"]
[Result "1-0"]
[WhiteElo "1601"]
[BlackElo "1469"]
[PlyCount "105"]
[EventDate "2006.10.06"]
[EventType "swiss"]
[EventRounds "9"]
[EventCountry "ITA"]
[SourceTitle "EXT 2011"]
[Source "ChessBase"]
[SourceDate "2010.11.26"]
[SourceVersion "1"]
[SourceVersionDate "2010.11.26"]
[SourceQuality "1"]

1. d4 d5 2. Bf4 Nf6 3. e3 a6 4. Bd3 h6 5. h3 e6 6. Nd2 Bd6 7. Bxd6 Qxd6 8. Ngf3 Nc6 9. c3 0-0 10. 0-0 Qe7 11. Rb1 Ne4 12. Bxe4 dxe4 13. Nxe4 b6 14. Qc2 Bb7 15. Ned2 Qd7 16. Nc4 Qe7 17. e4 b5 18. Nce5 Nxe5 19. Nxe5 c5 20. dxc5 Rac8 21. b4 Rfd8 22. Rbd1 Qc7 23. Ng4 e5 24. f3 Qe7 25. Rf2 Rf8 26. Rfd2 Rc7 27. Rd3 f6 28. Ne3 Re8 29. Rd8 Qf8 30. Rxe8 Qxe8 31. Rd3 g6 32. Qd2 Rc8 33. Nd5 Bxd5 34. Rxd5 h5 35. Rd7 g5 36. Qd5+ Kh8 37. Qf7 Qxf7 38. Rxf7 Rc6 39. Rd7 Kg8 40. Kf2 Kf8 41. Ke2 Ke8 42. Rd6 Rc7 43. Rxf6 a5 44. a3 axb4 45. axb4 Ra7 46. Re6+ Kf7 47. Rxe5 Kf6 48. Rf5+ Kg6 49. c6 Ra2+ 50. Kf1 Rc2 51. Rc5 Rc1+ 52. Kf2 Rd1 53. c7 1-0

[Event "Bergamo Province-ch"]
[Site "Bergamo"]
[Date "2006.10.06"]
[Round "1"]
[White "Riva, Carlo"]
[Black "Ranfagni, Stefano"]
[Result "0-1"]
[WhiteElo "1601"]
[BlackElo "2037"]
[PlyCount "46"]
[EventDate "2006.10.06"]
[EventType "swiss"]
[EventRounds "9"]
[EventCountry "ITA"]
[SourceTitle "EXT 2011"]
[Source "ChessBase"]
[SourceDate "2010.11.26"]
[SourceVersion "1"]
[SourceVersionDate "2010.11.26"]
[SourceQuality "1"]

1. d4 e6 2. Bf4 f5 3. h3 Nf6 4. Nd2 Be7 5. e3 Nc6 6. Bg5 0-0 7. Ngf3 d6 8. g3 e5 9. dxe5 dxe5 10. Bc4+ Kh8 11. c3 e4 12. Nd4 Ne5 13. Qe2 c5 14. Nc2 a6 15. f4 Nd3+ 16. Kf1 b5 17. Bxd3 exd3 18. Qf3 dxc2 19. Qxa8 Qxd2 20. Qa7 c1Q+ 21. Rxc1 Qxc1+ 22. Kg2 Qxe3 23. Qxe7 Qxe7 0-1

[Event "Bergamo Province-ch"]
[Site "Bergamo"]
[Date "2003.11.28"]
[Round "8"]
[White "Riva, Carlo"]
[Black "Asperti, Fabio"]
[Result "0-1"]
[WhiteElo "1519"]
[BlackElo "1606"]
[PlyCount "98"]
[EventDate "2003.10.10"]
[EventType "swiss"]
[EventRounds "8"]
[EventCountry "ITA"]
[SourceTitle "EXT 2023"]
[Source "ChessBase"]
[SourceDate "2022.10.05"]
[SourceVersion "1"]
[SourceVersionDate "2022.10.05"]
[SourceQuality "1"]

1. e4 g6 2. d4 Bg7 3. Nf3 d6 4. h3 Nf6 5. Bd3 0-0 6. 0-0 c6 7. Be3 b5 8. Qd2 a5 9. Bh6 Ba6 10. Bxg7 Kxg7 11. Re1 Nbd7 12. e5 dxe5 13. Nxe5 Qc7 14. Nxd7 Qxd7 15. c3 Rad8 16. Re3 Qd6 17. Rg3 c5 18. dxc5 Qxc5 19. b4 axb4 20. cxb4 Qd4 21. Qc3 e5 22. Qxd4 Rxd4 23. a3 Rfd8 24. Be2 Ne4 25. Rb3 Rc8 26. Bd3 Rc1+ 27. Kh2 Nxf2 28. Be2 Rh1+ 29. Kg3 Ne4+ 30. Kf3 Nd2+ 31. Nxd2 Rxa1 32. Ke3 f5 33. Nf3 Re4+ 34. Kf2 Ra2 35. Ng1 Bb7 36. Rc3 Bd5 37. Kf1 Ra1+ 38. Kf2 Rxg1 39. Bxb5 Rxg2+ 40. Kf1 Rf4+ 41. Ke1 Rff2 42. Rd3 Be4 43. Rc3 Rb2 44. Ba4 Rb1+ 45. Bd1 Rg1+ 46. Ke2 f4 47. Ba4 Rb2+ 48. Bc2 Rxc2+ 49. Rxc2 Bxc2 0-1

[Event "Bergamo Province-ch"]
[Site "Bergamo"]
[Date "2003.10.17"]
[Round "2"]
[White "Cattaneo, Dario"]
[Black "Riva, Carlo"]
[Result "1/2-1/2"]
[WhiteElo "1393"]
[BlackElo "1519"]
[PlyCount "103"]
[EventDate "2003.10.10"]
[EventType "swiss"]
[EventRounds "8"]
[EventCountry "ITA"]
[SourceTitle "EXT 2023"]
[Source "ChessBase"]
[SourceDate "2022.10.05"]
[SourceVersion "1"]
[SourceVersionDate "2022.10.05"]
[SourceQuality "1"]

1. d4 d5 2. Nf3 c6 3. c3 Bf5 4. e3 Bxb1 5. Rxb1 e6 6. Be2 Nf6 7. 0-0 Bd6 8. a4 Nbd7 9. b4 Qc7 10. b5 c5 11. Ba3 c4 12. Bxd6 Qxd6 13. Qc2 Ne4 14. Nd2 Nxd2 15. Qxd2 0-0 16. f4 f5 17. Kh1 Rf6 18. Rg1 Rh6 19. g4 fxg4 20. Bxg4 Rf8 21. Qg2 Rg6 22. Qf3 Rff6 23. Rg2 Rh6 24. Qg3 Rfg6 25. Rbg1 Nf6 26. Qf3 Nxg4 27. Rxg4 Rxg4 28. Rxg4 Qa3 29. Qg3 Qc1+ 30. Qg1 Qxg1+ 31. Kxg1 Rh3 32. Rg3 Rxg3+ 33. hxg3 h5 34. Kg2 Kf7 35. Kh3 Kf6 36. g4 g6 37. Kh4 hxg4 38. Kxg4 b6 39. Kg3 Kf5 40. Kf3 g5 41. fxg5 Kxg5 42. e4 Kf6 43. Kf4 dxe4 44. Kxe4 Ke7 45. d5 exd5+ 46. Kxd5 Kd7 47. Kxc4 Ke6 48. Kb4 Kd5 49. c4+ Kd4 50. a5 bxa5+ 51. Kxa5 Kxc4 52. Ka6 1/2-1/2

[Event "Crema op 04th"]
[Site "Crema"]
[Date "2002.09.06"]
[Round "1"]
[White "Venturini, Fabiano"]
[Black "Riva, Carlo"]
[Result "1/2-1/2"]
[WhiteElo "1731"]
[BlackElo "1480"]
[PlyCount "113"]
[EventDate "2002.09.06"]
[EventType "swiss"]
[EventRounds "6"]
[EventCountry "ITA"]
[SourceTitle "EXT 2007"]
[Source "ChessBase"]
[SourceDate "2006.11.23"]
[SourceVersion "1"]
[SourceVersionDate "2006.11.23"]
[SourceQuality "1"]

1. e4 c5 2. Nf3 d6 3. d4 cxd4 4. Nxd4 Nf6 5. Nc3 g6 6. Be3 Bg7 7. Be2 0-0 8. Qd2 Nc6 9. 0-0-0 Nxd4 10. Bxd4 Be6 11. Be3 a6 12. Bh6 Qa5 13. Bxg7 Kxg7 14. a3 b5 15. f3 Rab8 16. Nd5 Qxd2+ 17. Rxd2 Nxd5 18. exd5 Bc8 19. c3 Bb7 20. Re1 Rfc8 21. Bd1 Kf8 22. Bb3 Rc5 23. Rd4 Rbc8 24. Red1 R8c7 25. Kd2 h5 26. Ke3 f6 27. h4 Kg7 28. Re1 Rc8 29. Kf2 Kf7 30. Re2 a5 31. Red2 Rb8 32. Re4 Re8 33. a4 Rec8 34. axb5 Rxb5 35. Ba4 Rbc5 36. Bd7 R8c7 37. Be6+ Kf8 38. g4 hxg4 39. Rxg4 Kg7 40. Bf5 Rxd5 41. Rxd5 Bxd5 42. Bxg6 Kh6 43. Bd3 Rb7 44. b4 a4 45. c4 Be6 46. Re4 Bf5 47. Re3 Bxd3 48. Rxd3 Rxb4 49. Re3 Rxc4 50. Rxe7 Rxh4 51. Ra7 Rh2+ 52. Ke3 Ra2 53. Ra6 a3 54. Rxd6 Kg6 55. Ra6 Ra1 56. Kf4 a2 57. Ra5 1/2-1/2

[Event "Crema op 03rd"]
[Site "Crema"]
[Date "2001.09.07"]
[Round "2"]
[White "Riva, Carlo"]
[Black "Tencati, Giuseppe"]
[Result "0-1"]
[WhiteElo "1498"]
[BlackElo "2099"]
[PlyCount "98"]
[EventDate "2001.09.07"]
[EventType "swiss"]
[EventRounds "6"]
[EventCountry "ITA"]
[SourceTitle "EXT 2007"]
[Source "ChessBase"]
[SourceDate "2006.11.23"]
[SourceVersion "1"]
[SourceVersionDate "2006.11.23"]
[SourceQuality "1"]

1. e4 e6 2. d4 d5 3. exd5 exd5 4. Bd3 Nf6 5. Qe2+ Qe7 6. Qxe7+ Bxe7 7. h3 Nc6 8. c3 Bd6 9. Ne2 Ne4 10. Bf4 f5 11. Bxd6 Nxd6 12. Nf4 Ne7 13. Nd2 g5 14. Ne2 Bd7 15. 0-0-0 0-0-0 16. g3 h6 17. f4 Ne4 18. Rdf1 Rdg8 19. Bxe4 dxe4 20. fxg5 hxg5 21. c4 Rh6 22. Rh2 b5 23. b3 Bc6 24. Ng1 e3 25. Ndf3 f4 26. gxf4 gxf4 27. Ne5 Rf6 28. d5 Be8 29. Ne2 Rgf8 30. Ng4 f3 31. Nxf6 Rxf6 32. Rhh1 bxc4 33. bxc4 Bg6 34. Nd4 f2 35. Kb2 Be4 36. Rh2 Bd3 37. Rhh1 Bxc4 38. Rc1 e2 39. Nxe2 Bxe2 40. Rc2 f1Q 41. Rxf1 Bxf1 42. h4 Nxd5 43. h5 Bd3 44. Rh2 Rh6 45. Kb3 c5 46. Rd2 c4+ 47. Ka4 Rxh5 48. a3 c3 49. Rd1 Bc2+ 0-1